000 00428nam a2200157Ia 4500
999 _c8415
_d8415
020 _a9780415681605
082 _a155.916 WAT-;
100 _aWatermeyer, Brian
245 0 _aTowards a contextual psychology of disablism
260 _aLondon
_bRoutledge
_c2013
300 _aix, 248
440 _aRoutledge advances in disability studies
650 _aPREJUDICES
650 _aPEOPLE WITH DISABILITIES- PSYCHOLOGY
942 _cBK